000 00514nam a22001817a 4500
003 NUST
005 20260217111731.0
008 260217b ||||| |||| 00| 0 eng d
020 _a978-0470505335
082 _a690.068
_bMUB
100 _a Saleh A. Mubarak.
_9133290
245 _aConstruction Project Scheduling and Control /
_c Saleh A. Mubarak.
250 _a2nd Edition.
260 _aNew Jersey:
_bJohn Wiley & Sons,
_c2010.
300 _axvii, 456 p ;
_c34.7 cm
563 _aHardcover
942 _2ddc
_cBK
999 _c616259
_d616259